00734nam a2200157 i 450000100060000000300090000600700030001500800410001824502410005926000480030030000220034870000380037085200310040899900170043995201200045646990ES-MaACLt|030402s1953 sp ||||1| spa d00aDe lo Contencioso Administrativo b: texto refundido de la Ley aprobado por Decreto de 8 de febrero de 1952 y Reglamento sobre Procedimiento... con la Jurisprudencia dictada hasta el 31 de diciembre de 1951 / cFrancisco Pera Verdaguer. aBarcelona : bBosch, c[1953] (fClarasó) a548 p. ; c16 cm.1 aPera Verdaguer, Francisco.990340 aES-MaACLjC-8954 bR.37079 c46990d46990 00104070aATENEOMbATENEOMcSPALd2008-01-17eSCl0oC-8954p1049424r2023-02-23 00:00:00w2023-02-23yMONOGRAFIA